000 00822cam a2200157 4500500
005 20260322011317.0
041 _afre
042 _adc
100 1 0 _aWybrands, Francis
_eauthor
245 0 0 _aPierre Sansot , La Beauté m’insupporte , Payot, 2004, 280 pages, 16 €
260 _c2005.
500 _a34
520 _aRésuméSi le paysage est bien l’expression d’un « sentiment du oui » au monde, il ne signifie pas pour autant qu’il faille « abandonner le refus et la révolte qui sont dans l’homme aussi essentiels que sa conscience même ». A l’instar du surréalisme, il s’agit de « repenser les noces rompues »...
786 0 _nÉtudes | 402 | 2 | 2005-02-01 | p. XXI-XXI | 0014-1941
856 4 1 _uhttps://shs.cairn.info/revue-etudes-2005-2-page-XXI?lang=fr&redirect-ssocas=7080
999 _c1763900
_d1763900